[Event "XXV Festival Conca della Presolana A"]
[Site "Bratto - Castione della Presolana ITA"]
[Date "2005.08.24"]
[Round "5"]
[White "Ardaman, Miles"]
[Black "Jones, Gawain C.B."]
[Result "0-1"]
[WhiteElo "2308"]
[BlackElo "2442"]
[PlyCount "70"]
[EventDate "2005.08.20"]

1. b4 e5 2. a3 d5 3. Bb2 Bd6 4. Nc3 c6 5. e4 Nf6 6. exd5 cxd5 7. Nb5 O-O 8.
Nxd6 Qxd6 9. Nf3 d4 10. h3 Nc6 11. b5 e4 12. bxc6 exf3 13. Qxf3 bxc6 14. Be2
Rb8 15. Bc1 Qe5 16. Qg3 Qxg3 17. fxg3 Ne4 18. d3 Nxg3 19. Bf4 Nxh1 20. Bxb8
Bxh3 21. Bxa7 Bxg2 22. a4 f5 23. a5 f4 24. Bc5 Re8 25. Kd2 Ng3 26. Bg4 f3 27.
Bxd4 h5 28. Bd7 Re2+ 29. Kc3 f2 30. Bxf2 Rxf2 31. Be6+ Kh7 32. a6 c5 33. Ra5
Ne2+ 34. Kc4 Nd4 35. Bc8 Rxc2# 0-1

[Event "XXV Festival Conca della Presolana A"]
[Site "Bratto - Castione della Presolana ITA"]
[Date "2005.08.24"]
[Round "5"]
[White "Baldazzi, Stefano"]
[Black "Lucaroni, Massimiliano"]
[Result "1-0"]
[WhiteElo "2165"]
[BlackElo "2318"]
[PlyCount "65"]
[EventDate "2005.08.20"]

1. c4 e6 2. g3 f5 3. Bg2 Nf6 4. e3 Be7 5. Ne2 O-O 6. Nbc3 d6 7. O-O c6 8. d3 e5
9. f4 a5 10. a3 Qe8 11. h3 Bd8 12. Rb1 Bb6 13. Na4 Bc7 14. c5 dxc5 15. Nxc5 b6
16. Na4 Kh8 17. Nac3 Be6 18. Nb5 cxb5 19. Bxa8 e4 20. b4 exd3 21. Nd4 Bc4 22.
Bd2 Ne4 23. Kh2 Nd7 24. Bxe4 Qxe4 25. bxa5 bxa5 26. Nxb5 Bb8 27. Qf3 Nc5 28.
Nd4 a4 29. Bb4 Qxf3 30. Nxf3 Ba7 31. Rbc1 Bd5 32. Bxc5 Bxf3 33. Bxf8 1-0

[Event "XXV Festival Conca della Presolana A"]
[Site "Bratto - Castione della Presolana ITA"]
[Date "2005.08.24"]
[Round "5"]
[White "Bartolozzi, Roberto"]
[Black "Tagliagambe, Stefano"]
[Result "1-0"]
[WhiteElo "2126"]
[BlackElo "2055"]
[PlyCount "85"]
[EventDate "2005.08.20"]

1. d4 Nf6 2. Nf3 c5 3. e3 e6 4. c4 d6 5. Nc3 Nbd7 6. Be2 Be7 7. O-O b6 8. d5 e5
9. e4 Nf8 10. Ne1 Ng6 11. Nd3 h6 12. a3 O-O 13. b4 Nd7 14. Bg4 Bg5 15. g3 Bxc1
16. Qxc1 Ba6 17. b5 Bc8 18. a4 Nf6 19. Bxc8 Qxc8 20. a5 h5 21. f3 h4 22. Qd2
hxg3 23. hxg3 Nh5 24. Qh2 Nf6 25. Ra2 Nh7 26. g4 bxa5 27. Qh5 Nf6 28. Qf5 Ne7
29. Qxc8 Nxc8 30. Rxa5 Nb6 31. Nb2 Rfb8 32. Rfa1 Rb7 33. Ne2 Kf8 34. Nc1 Ke7
35. Nb3 Ne8 36. R5a2 Nxc4 37. Nxc4 Rxb5 38. Rxa7+ Rxa7 39. Rxa7+ Kf6 40. Nbd2
Rb8 41. Kf2 Rb4 42. Ke3 Rb8 43. Rd7 1-0

[Event "XXV Festival Conca della Presolana A"]
[Site "Bratto - Castione della Presolana ITA"]
[Date "2005.08.24"]
[Round "5"]
[White "Bellia, Fabrizio"]
[Black "Palac, Mladen"]
[Result "1-0"]
[WhiteElo "2375"]
[BlackElo "2566"]
[PlyCount "105"]
[EventDate "2005.08.20"]

1. e4 c5 2. Nf3 d6 3. d4 cxd4 4. Nxd4 Nf6 5. Nc3 a6 6. Be2 e5 7. Nb3 Be7 8. O-O
O-O 9. f4 b5 10. a4 Bb7 11. fxe5 dxe5 12. Qxd8 Bxd8 13. axb5 Bb6+ 14. Kh1 axb5
15. Rxa8 Bxa8 16. Bxb5 Nxe4 17. Nxe4 Bxe4 18. c3 Rd8 19. Nd2 Bd3 20. Bxd3 Rxd3
21. Nc4 Nd7 22. Nxb6 Nxb6 23. Kg1 Nc4 24. Re1 f5 25. Kf1 e4 26. Ke2 Rd5 27. Rd1
Ra5 28. Rd4 Ne5 29. Bd2 Ra2 30. b4 Rb2 31. c4 Nc6 32. Rd5 f4 33. b5 Nb4 34.
Rd8+ Kf7 35. Kd1 Rb1+ 36. Ke2 Rb2 37. Rd4 Na2 38. Kd1 e3 39. Rxf4+ Kg8 40. Bxe3
Nc3+ 41. Kc1 Rxg2 42. Rf2 Rg4 43. b6 Rxc4 44. Rc2 Na2+ 45. Kd2 Rxc2+ 46. Kxc2
Nb4+ 47. Kb3 Nc6 48. Kc4 Kf8 49. Kd5 Nb4+ 50. Kd6 Na6 51. b7 g5 52. Ba7 h5 53.
Kc6 1-0

[Event "XXV Festival Conca della Presolana A"]
[Site "Bratto - Castione della Presolana ITA"]
[Date "2005.08.24"]
[Round "5"]
[White "Bentivegna, Francesco"]
[Black "Ori, Marco"]
[Result "1-0"]
[WhiteElo "2225"]
[BlackElo "2087"]
[PlyCount "55"]
[EventDate "2005.08.20"]

1. d4 Nf6 2. Bg5 e6 3. e4 h6 4. Bxf6 Qxf6 5. c3 d6 6. Bd3 Nd7 7. Ne2 Qd8 8. O-O
Be7 9. f4 e5 10. Nd2 O-O 11. Nf3 Bf6 12. Qd2 c5 13. Rae1 a6 14. Kh1 b5 15. Ng3
exd4 16. cxd4 cxd4 17. Bb1 Qb6 18. e5 dxe5 19. fxe5 Be7 20. Qd3 Qg6 21. Qxd4
Bc5 22. Qd5 Qb6 23. Qe4 g6 24. e6 Bb7 25. Qh4 fxe6 26. Qxh6 e5 27. Ng5 Bxg2+
28. Kxg2 1-0

[Event "XXV Festival Conca della Presolana A"]
[Site "Bratto - Castione della Presolana ITA"]
[Date "2005.08.24"]
[Round "5"]
[White "Bertagia, Roldano"]
[Black "Mosca, Leonildo"]
[Result "0-1"]
[WhiteElo "2002"]
[BlackElo "2115"]
[PlyCount "66"]
[EventDate "2005.08.20"]

1. e4 Nf6 2. e5 Nd5 3. c4 Nb6 4. d4 d6 5. f4 dxe5 6. fxe5 Nc6 7. Be3 Bf5 8. Nc3
e6 9. Nf3 Bg4 10. Qd2 Bxf3 11. gxf3 Bb4 12. h4 Qd7 13. O-O-O O-O-O 14. a3 Na5
15. Qc2 Naxc4 16. Bxc4 Nxc4 17. Bf2 Bxc3 18. Qxc3 Nb6 19. Kb1 Qb5 20. h5 Rd7
21. Rhe1 Nd5 22. Qd2 Ne7 23. h6 g6 24. Qg5 Nd5 25. Qd2 Qb3 26. Qd3 Qxd3+ 27.
Rxd3 Ne7 28. Kc2 Nf5 29. Kc3 Nxh6 30. d5 Rxd5 31. Rxd5 exd5 32. e6 fxe6 33.
Rxe6 Rf8 0-1

[Event "XXV Festival Conca della Presolana A"]
[Site "Bratto - Castione della Presolana ITA"]
[Date "2005.08.24"]
[Round "5"]
[White "Bonanno, Alessandro"]
[Black "Costantini, Roberto"]
[Result "0-1"]
[WhiteElo "2132"]
[BlackElo "2291"]
[PlyCount "80"]
[EventDate "2005.08.20"]

1. e4 c5 2. Nf3 d6 3. d4 cxd4 4. Nxd4 Nf6 5. Nc3 a6 6. Bc4 e6 7. Bb3 Nbd7 8. f4
Nc5 9. O-O Be7 10. e5 dxe5 11. fxe5 Nfd7 12. Qh5 g6 13. Qe2 Qc7 14. Bh6 Bf8 15.
Bxf8 Rxf8 16. Nf3 b5 17. Rad1 Bb7 18. Ng5 Qxe5 19. Qxe5 Nxe5 20. Nxh7 Rh8 21.
Nf6+ Ke7 22. Rde1 Nf3+ 23. gxf3 Kxf6 24. Ne4+ Bxe4 25. fxe4+ Ke7 26. c3 Rh4 27.
Bc2 Rg4+ 28. Kf2 Rh8 29. Rh1 Rhh4 30. h3 Rf4+ 31. Kg3 Nxe4+ 32. Bxe4 Rxe4 33.
Rxe4 Rxe4 34. Kf3 Re5 35. Rd1 Rd5 36. Re1 Rd2 37. Re2 Rxe2 38. Kxe2 Kd6 39. Ke3
e5 40. b3 f5 0-1

[Event "XXV Festival Conca della Presolana A"]
[Site "Bratto - Castione della Presolana ITA"]
[Date "2005.08.24"]
[Round "5"]
[White "Bonazzi, Edoardo"]
[Black "Cedriano, Filippo"]
[Result "1-0"]
[WhiteElo "2143"]
[BlackElo "2005"]
[PlyCount "87"]
[EventDate "2005.08.20"]

1. Nf3 c5 2. c4 Nf6 3. Nc3 d6 4. g3 b6 5. Bg2 Bb7 6. O-O e5 7. d3 a6 8. a3 Nc6
9. Bg5 Be7 10. Bxf6 Bxf6 11. Nd5 Ne7 12. Nxe7 Qxe7 13. Ne1 O-O 14. Bxb7 Qxb7
15. e4 g6 16. Nc2 Bg7 17. Ne3 b5 18. Nd5 bxc4 19. dxc4 Qxb2 20. Ne7+ Kh8 21.
Qxd6 Qd4 22. Qxd4 cxd4 23. Nd5 Rab8 24. Rab1 Rfc8 25. Rxb8 Rxb8 26. c5 Rc8 27.
Rc1 Bf8 28. c6 Bxa3 29. Ra1 Bc5 30. Rxa6 Kg7 31. Kf1 f5 32. f3 d3 33. Ke1 Kf7
34. Kd2 Ke6 35. Kxd3 Bg1 36. c7+ Kd7 37. h3 Bf2 38. g4 fxg4 39. fxg4 Rf8 40.
Kc4 Bd4 41. Kb5 Rf1 42. Ra8 Rb1+ 43. Kc4 Rc1+ 44. Kd3 1-0

[Event "XXV Festival Conca della Presolana A"]
[Site "Bratto - Castione della Presolana ITA"]
[Date "2005.08.24"]
[Round "5"]
[White "Borgo, Giulio"]
[Black "Caruso, Augusto"]
[Result "1-0"]
[WhiteElo "2380"]
[BlackElo "2259"]
[PlyCount "67"]
[EventDate "2005.08.20"]

1. Nf3 Nc6 2. e4 e5 3. Nc3 Nf6 4. d4 exd4 5. Nxd4 Bb4 6. Nxc6 bxc6 7. Bd3 d5 8.
exd5 cxd5 9. Qe2+ Qe7 10. Bb5+ Bd7 11. Bxd7+ Nxd7 12. Qxe7+ Kxe7 13. Bd2 Bxc3
14. Bxc3 f6 15. O-O-O Kd6 16. h4 Rhe8 17. h5 Re4 18. Rd3 Rg4 19. Rhd1 c6 20. g3
h6 21. Bd2 Nc5 22. Ra3 Ne6 23. Re3 Rg5 24. f4 Rxh5 25. Rde1 Nf8 26. Re7 g6 27.
Bc3 Re5 28. Bb4+ c5 29. Bxc5+ Kxc5 30. fxe5 f5 31. Rc7+ Kb6 32. Rg7 Re8 33. e6
g5 34. Rg8 1-0

[Event "XXV Festival Conca della Presolana A"]
[Site "Bratto - Castione della Presolana ITA"]
[Date "2005.08.24"]
[Round "5"]
[White "Bracali, Andrea"]
[Black "Cardini, Saverio"]
[Result "1/2-1/2"]
[WhiteElo "2119"]
[BlackElo "2010"]
[PlyCount "99"]
[EventDate "2005.08.20"]

1. Nf3 d5 2. d4 c6 3. Bf4 Bf5 4. e3 e6 5. Bd3 Bxd3 6. Qxd3 Nf6 7. Nbd2 Nbd7 8.
O-O Nh5 9. Be5 f6 10. Bg3 Nxg3 11. hxg3 Bd6 12. e4 O-O 13. Rfe1 Qc7 14. exd5
exd5 15. c3 Rae8 16. Re3 Rxe3 17. Qxe3 Rf7 18. Qe8+ Nf8 19. Re1 Re7 20. Rxe7
Qxe7 21. Qxe7 Bxe7 22. b4 Ne6 23. Kf1 Kf7 24. Ke2 Bd6 25. Ne1 Ke7 26. Nd3 b6
27. Nb3 Ng5 28. Nd2 Ne6 29. Ke3 Nc7 30. a4 Ne6 31. Nf3 g5 32. Nd2 Ng7 33. Nb3
Ne6 34. a5 Nc7 35. axb6 axb6 36. Nb2 Nb5 37. Kd3 Na3 38. Nd2 Ke6 39. Na4 Bc7
40. Nf3 h5 41. Nd2 Kf5 42. Ke3 Ke6 43. Kf3 Nc2 44. Ke2 Na3 45. Kf1 Kf5 46. Ke2
Ke6 47. Kf3 Nc2 48. Ke2 Na3 49. Kf1 Kf5 50. Ke2 1/2-1/2

[Event "XXV Festival Conca della Presolana A"]
[Site "Bratto - Castione della Presolana ITA"]
[Date "2005.08.24"]
[Round "5"]
[White "Bresciani, Nicola"]
[Black "Rorato, Renzo"]
[Result "1-0"]
[WhiteElo "2289"]
[BlackElo "2120"]
[PlyCount "67"]
[EventDate "2005.08.20"]

1. e4 c5 2. Nf3 d6 3. d4 cxd4 4. Nxd4 Nf6 5. Nc3 a6 6. Be2 e6 7. O-O Be7 8. f4
Qc7 9. Kh1 O-O 10. Qe1 Nc6 11. Be3 Bd7 12. Qg3 b5 13. a3 Rab8 14. e5 Ne8 15.
exd6 Bxd6 16. Ne4 Be7 17. Bd3 f5 18. Ng5 Nxd4 19. Bxd4 Bf6 20. Bxf6 Nxf6 21.
Rfe1 Rfe8 22. Qh4 h6 23. Nf3 Bc6 24. Ne5 Bd5 25. Re2 Qb7 26. Qe1 Nd7 27. Nxd7
Qxd7 28. Rd1 Qc6 29. Qf2 Rf8 30. Kg1 Rf6 31. Red2 Rb7 32. Bf1 g5 33. fxg5 hxg5
34. b3 1-0

[Event "XXV Festival Conca della Presolana A"]
[Site "Bratto - Castione della Presolana ITA"]
[Date "2005.08.24"]
[Round "5"]
[White "Brunner, Nicolas"]
[Black "Groszpeter, Attila"]
[Result "1/2-1/2"]
[WhiteElo "2386"]
[BlackElo "2525"]
[PlyCount "36"]
[EventDate "2005.08.20"]

1. d4 Nf6 2. c4 e6 3. Nc3 Bb4 4. Qc2 O-O 5. a3 Bxc3+ 6. Qxc3 b6 7. Bg5 Bb7 8.
e3 d6 9. f3 Nbd7 10. Bd3 Rc8 11. Ne2 c5 12. O-O cxd4 13. Qxd4 Qe7 14. e4 Rfd8
15. b4 Ne5 16. Rac1 h6 17. Bh4 Ng6 18. Bf2 Nh5 1/2-1/2

[Event "XXV Festival Conca della Presolana A"]
[Site "Bratto - Castione della Presolana ITA"]
[Date "2005.08.24"]
[Round "5"]
[White "Buchicchio, Giampaolo"]
[Black "Rosin, Federico"]
[Result "1-0"]
[WhiteElo "2326"]
[BlackElo "2127"]
[PlyCount "61"]
[EventDate "2005.08.20"]

1. e4 c5 2. c3 Nf6 3. e5 Nd5 4. d4 cxd4 5. Nf3 e6 6. cxd4 b6 7. Nc3 Nxc3 8.
bxc3 Qc7 9. Bd2 Bb7 10. Bd3 d6 11. O-O Nd7 12. Re1 dxe5 13. Nxe5 Nxe5 14. Rxe5
Bd6 15. Rh5 g6 16. Bb5+ Bc6 17. Qf3 Rc8 18. Bxc6+ Qxc6 19. Qf6 Rf8 20. Rxh7 Be7
21. Qe5 Rd8 22. a4 Qd5 23. Qe2 Bf6 24. Qa6 Qb3 25. Re1 g5 26. Qxa7 Qc2 27. Qb7
Rd7 28. Rxe6+ Be7 29. Qc8+ Rd8 30. Qc6+ Rd7 31. Rxe7+ 1-0

[Event "XXV Festival Conca della Presolana A"]
[Site "Bratto - Castione della Presolana ITA"]
[Date "2005.08.24"]
[Round "5"]
[White "Buono, Michele"]
[Black "Rombaldoni, Denis"]
[Result "0-1"]
[WhiteElo "2133"]
[BlackElo "2327"]
[PlyCount "45"]
[EventDate "2005.08.20"]

1. d4 Nf6 2. c4 e6 3. Nc3 Bb4 4. Qc2 c5 5. a3 cxd4 6. axb4 dxc3 7. bxc3 h6 8.
e4 d5 9. e5 Nfd7 10. f4 dxc4 11. Be3 Nc6 12. Qe4 f5 13. Qxc4 Nb6 14. Qb3 Qc7
15. Be2 O-O 16. Nf3 Nd5 17. Bc5 Nxf4 18. Bd6 Qb6 19. Bc5 Qc7 20. Bd6 Qd8 21.
Bxf8 Kxf8 22. b5 Qb6 23. Qb4+ 0-1

[Event "XXV Festival Conca della Presolana A"]
[Site "Bratto - Castione della Presolana ITA"]
[Date "2005.08.24"]
[Round "5"]
[White "Capone, Vincenzo"]
[Black "Lanzani, Giuliano"]
[Result "1-0"]
[WhiteElo "2123"]
[BlackElo "2074"]
[PlyCount "129"]
[EventDate "2005.08.20"]

1. e4 e5 2. Nf3 Nc6 3. Bb5 a6 4. Ba4 Nf6 5. O-O b5 6. Bb3 Bc5 7. c3 d6 8. a4
Rb8 9. d4 Bb6 10. axb5 axb5 11. dxe5 Nxe5 12. Nxe5 dxe5 13. Qxd8+ Kxd8 14. Re1
Ke7 15. Nd2 Bb7 16. Bc2 Ra8 17. Rxa8 Rxa8 18. h3 Nd7 19. b4 c5 20. bxc5 Nxc5
21. Nf3 f6 22. Be3 Ra3 23. c4 Rc3 24. Rb1 Rxc2 25. Rxb5 Rxc4 26. Rxb6 Bxe4 27.
Nd2 Rc1+ 28. Kh2 Bd5 29. Rb5 Kd6 30. Ne4+ Nxe4 31. Bxc1 Nxf2 32. Ba3+ Ke6 33.
g4 e4 34. Bc5 Nd3 35. Be3 g6 36. Kg3 f5 37. gxf5+ gxf5 38. Bf4 Bc6 39. Ra5 h5
40. h4 Bd7 41. Ra6+ Ke7 42. Bg5+ Kf8 43. Rd6 f4+ 44. Bxf4 Nxf4 45. Kxf4 Bg4 46.
Kxe4 Ke7 47. Ke5 Be2 48. Rb6 Bf3 49. Ra6 Be2 50. Ra7+ Ke8 51. Kf6 Bg4 52. Rh7
Bf3 53. Rh8+ Kd7 54. Rf8 Bg4 55. Rf7+ Ke8 56. Re7+ Kf8 57. Re5 Bf3 58. Kg6 Bg4
59. Re1 Bd7 60. Kxh5 Be8+ 61. Kg5 Bf7 62. Kf6 Bh5 63. Re5 Bf3 64. h5 Kg8 65.
Kg6 1-0

[Event "XXV Festival Conca della Presolana A"]
[Site "Bratto - Castione della Presolana ITA"]
[Date "2005.08.24"]
[Round "5"]
[White "Castelfranchi, Carlo"]
[Black "Campini, Marco"]
[Result "1-0"]
[WhiteElo "2073"]
[BlackElo "2130"]
[PlyCount "66"]
[EventDate "2005.08.20"]

1. e4 c5 2. Nf3 d6 3. d4 cxd4 4. Nxd4 Nf6 5. Nc3 a6 6. Bg5 e6 7. f4 Qc7 8. Qf3
Be7 9. O-O-O Nc6 10. Nxc6 bxc6 11. e5 Nd5 12. Bxe7 Qxe7 13. Ne4 dxe5 14. fxe5
O-O 15. c4 f6 16. cxd5 exd5 17. exf6 Qxe4 18. Qxe4 dxe4 19. Bc4+ Kh8 20. f7 Bf5
21. Rd6 g6 22. h3 g5 23. Rf1 Bg6 24. Rxc6 Kg7 25. Kd2 a5 26. Rc7 Rfd8+ 27. Ke2
Kf8 28. Rd1 Rdb8 29. b3 a4 30. Ke3 axb3 31. axb3 Rb6 32. Rcd7 Rbb8 33. R1d5 Kg7
1-0

[Event "XXV Festival Conca della Presolana A"]
[Site "Bratto - Castione della Presolana ITA"]
[Date "2005.08.24"]
[Round "5"]
[White "Cebalo, Miso"]
[Black "Dervishi, Erald"]
[Result "1/2-1/2"]
[WhiteElo "2511"]
[BlackElo "2482"]
[PlyCount "111"]
[EventDate "2005.08.20"]

1. d4 Nf6 2. c4 e6 3. Nc3 Bb4 4. f3 O-O 5. a3 Bxc3+ 6. bxc3 Ne8 7. e4 b6 8. Bd3
Ba6 9. a4 Nc6 10. Ba3 d6 11. f4 Na5 12. Qe2 c5 13. Nf3 Rc8 14. e5 g6 15. O-O
Ng7 16. Rfd1 dxe5 17. fxe5 Qc7 18. d5 Bb7 19. Qe3 exd5 20. Qh6 Ne6 21. cxd5
Bxd5 22. Bxg6 fxg6 23. Rxd5 Rcd8 24. Rad1 Rxd5 25. Rxd5 Nf4 26. Rd6 Nc4 27. Rf6
Rxf6 28. exf6 Nh5 29. Bc1 Nxf6 30. Qh4 Qf7 31. Bg5 Nd7 32. Qe4 Kg7 33. Bf4 Nf6
34. Be5 Nxe5 35. Qxe5 Qe8 36. Qc7+ Qd7 37. Qe5 Qd1+ 38. Kf2 Qd6 39. Ke2 Qxe5+
40. Nxe5 Nd5 41. Kd3 Kf6 42. Nc6 a6 43. a5 bxa5 44. Nxa5 Nf4+ 45. Kc4 Nxg2 46.
Kxc5 g5 47. Kb6 g4 48. c4 Ne3 49. c5 h5 50. c6 h4 51. Kxa6 Nd5 52. Nc4 g3 53.
hxg3 hxg3 54. Nd2 Kf5 55. Nf3 Nb4+ 56. Ka7 1/2-1/2

[Event "XXV Festival Conca della Presolana A"]
[Site "Bratto - Castione della Presolana ITA"]
[Date "2005.08.24"]
[Round "5"]
[White "Cecchetto, Vanni"]
[Black "Kidane, Robel"]
[Result "1-0"]
[WhiteElo "2019"]
[BlackElo "2120"]
[PlyCount "92"]
[EventDate "2005.08.20"]

1. Nf3 Nf6 2. b3 g6 3. Bb2 Bg7 4. d4 O-O 5. e3 d6 6. Bd3 Nc6 7. O-O e5 8. dxe5
Ng4 9. Nbd2 Ngxe5 10. Nxe5 Nxe5 11. f4 Nf3+ 12. Qxf3 Bxb2 13. Rab1 Bc3 14. Ne4
Bg7 15. Ng3 d5 16. e4 dxe4 17. Bxe4 c6 18. f5 Qg5 19. b4 a6 20. Rbd1 a5 21. b5
cxb5 22. Rd5 Bh6 23. Re1 Be6 24. fxe6 fxe6 25. Rxg5 Rxf3 26. Rxg6+ hxg6 27.
Bxf3 Kf7 28. Bxb7 Rb8 29. Be4 b4 30. Bd3 a4 31. Bc4 Rb6 32. Kf2 Rc6 33. Bd3 Rc3
34. Ne4 Rc6 35. Rb1 Bf8 36. Ke3 Be7 37. Kd2 Rc8 38. Ke3 Rh8 39. h3 Rc8 40. Kf4
Rh8 41. Rf1 Rh5 42. Rf3 Ke8 43. g4 Ra5 44. Ke3 g5 45. Bc4 Kd7 46. Kd4 b3 1-0

[Event "XXV Festival Conca della Presolana A"]
[Site "Bratto - Castione della Presolana ITA"]
[Date "2005.08.24"]
[Round "5"]
[White "Corvi, Marco"]
[Black "Ricci, Alfredo"]
[Result "1-0"]
[WhiteElo "2317"]
[BlackElo "2015"]
[PlyCount "95"]
[EventDate "2005.08.20"]

1. c4 Nf6 2. Nc3 g6 3. g3 Bg7 4. Bg2 e6 5. e4 O-O 6. d4 d6 7. Nge2 e5 8. O-O c6
9. b3 Qa5 10. Bb2 Nbd7 11. d5 c5 12. Qd2 a6 13. f4 b5 14. cxb5 axb5 15. a4 b4
16. Nd1 Qb6 17. Kh1 exf4 18. gxf4 Re8 19. Nf2 Ba6 20. Rfe1 Bh6 21. Ng3 Rac8 22.
Bh3 c4 23. bxc4 Rxc4 24. Bxd7 Nxd7 25. Ng4 Bg7 26. Bxg7 Kxg7 27. f5 Qd4 28.
Qh6+ Kh8 29. fxg6 fxg6 30. Rad1 Qg7 31. Qf4 Qf8 32. Rf1 Qxf4 33. Rxf4 Kg7 34.
Rb1 h5 35. Ne3 Rd4 36. Ngf5+ gxf5 37. Nxf5+ Kf6 38. Nxd4+ Ke5 39. Ne6 Nc5 40.
Nxc5 dxc5 41. Rh4 Rb8 42. Rxh5+ Kxe4 43. d6 c4 44. d7 b3 45. Rh6 Kd3 46. Rxa6
Kc2 47. Rxb3 cxb3 48. Rc6+ 1-0

[Event "XXV Festival Conca della Presolana A"]
[Site "Bratto - Castione della Presolana ITA"]
[Date "2005.08.24"]
[Round "5"]
[White "D'Apa, Matteo"]
[Black "Tencati, Giuseppe"]
[Result "0-1"]
[WhiteElo "1995"]
[BlackElo "2109"]
[PlyCount "126"]
[EventDate "2005.08.20"]

1. d4 d5 2. c4 c6 3. Nc3 e6 4. Nf3 dxc4 5. a4 Bb4 6. Bd2 a5 7. e3 b5 8. axb5
Bxc3 9. Bxc3 cxb5 10. b3 Bb7 11. bxc4 b4 12. Bd2 Nf6 13. Bd3 Nbd7 14. O-O O-O
15. Qc2 Qc7 16. e4 e5 17. dxe5 Nxe5 18. Nxe5 Qxe5 19. Rae1 Rfd8 20. Re3 Qd4 21.
Bc1 Ng4 22. Rg3 Ne5 23. Bb2 Qc5 24. Kh1 Rxd3 25. Bxe5 Rxg3 26. Bxg3 a4 27. f3
Bc6 28. Bf2 Qe5 29. Rd1 a3 30. Bd4 Qe7 31. Ra1 Ba4 32. Qa2 Rc8 33. c5 Rb8 34.
h3 Qe6 35. Qb1 Qb3 36. Qc1 f6 37. Qe1 Qc4 38. Bxf6 Rf8 39. Be7 Re8 40. Bd6 a2
41. Qd2 Bc2 42. Qg5 Qe6 43. Qc1 Qb3 44. c6 Bb1 45. c7 Qc3 46. Qg5 Qxa1 47. Qd8
Bxe4+ 48. Kh2 Bg6 49. c8=Q Qe1 50. Qxe8+ Qxe8 51. Qxe8+ Bxe8 52. Be5 Kf7 53.
Kg3 g6 54. Kf2 Ke6 55. Ba1 Kd5 56. Ke3 Kc4 57. Kd2 g5 58. Bh8 Kb3 59. Kc1 Bc6
60. Ba1 h5 61. Bh8 h4 62. Kd2 Bb5 63. Ke3 Kc2 0-1

[Event "XXV Festival Conca della Presolana A"]
[Site "Bratto - Castione della Presolana ITA"]
[Date "2005.08.24"]
[Round "5"]
[White "Di Donato, Giovanni"]
[Black "Vinzoni, Andrea"]
[Result "0-1"]
[WhiteElo "1999"]
[BlackElo "2108"]
[PlyCount "104"]
[EventDate "2005.08.20"]

1. e4 e6 2. d4 d5 3. e5 c5 4. c3 Nc6 5. Nf3 Qb6 6. a3 Nh6 7. b4 cxb4 8. cxb4
Nf5 9. Bb2 Bd7 10. g4 Nfe7 11. Nc3 Ng6 12. Bc1 Rc8 13. Na4 Qd8 14. h4 Be7 15.
g5 Bf8 16. Bd3 Nge7 17. Nc5 Qc7 18. Bf4 g6 19. h5 gxh5 20. Rxh5 Ng6 21. Be3 Bg7
22. Rc1 Qb8 23. Ke2 Ncxe5 24. dxe5 d4 25. Bd2 Bc6 26. Ne4 Bxe5 27. b5 Bxe4 28.
Rxc8+ Qxc8 29. Bxe4 Qc4+ 30. Bd3 Qd5 31. Bxg6 fxg6 32. Rh3 Qxb5+ 33. Ke1 Bg7
34. Qe2 Qb1+ 35. Qd1 Qe4+ 36. Qe2 Qb1+ 37. Qd1 Qf5 38. Rg3 O-O 39. Qe2 e5 40.
Nh4 Qb1+ 41. Qd1 Qe4+ 42. Qe2 Qh1+ 43. Qf1 Qxh4 44. Qc4+ Kh8 45. Bb4 Qe4+ 46.
Kf1 Re8 47. Qf7 Qc6 48. Rf3 Rc8 49. Kg1 e4 50. Rf6 Qc1+ 51. Kh2 Qxg5 52. Qxb7
Qh4+ 0-1

[Event "XXV Festival Conca della Presolana A"]
[Site "Bratto - Castione della Presolana ITA"]
[Date "2005.08.24"]
[Round "5"]
[White "Di Paolo, Raffaele"]
[Black "Alberton, Roberto"]
[Result "1-0"]
[WhiteElo "2271"]
[BlackElo "2108"]
[PlyCount "95"]
[EventDate "2005.08.20"]

1. e4 e6 2. d4 d5 3. Nc3 Nf6 4. e5 Nfd7 5. f4 c5 6. Nf3 Nc6 7. Be3 a6 8. Qd2 b5
9. dxc5 Nxc5 10. Qf2 b4 11. Bxc5 bxc3 12. b3 Qa5 13. Bxf8 Kxf8 14. Bd3 Rb8 15.
O-O Qb6 16. Rfd1 Ke7 17. a3 f6 18. Qxb6 Rxb6 19. Re1 Bd7 20. Rad1 Na7 21. Nd4
Nb5 22. Bxb5 axb5 23. Re3 Ra8 24. Rg3 Kf7 25. Rdd3 Rxa3 26. Rxc3 Rb7 27. Rh3
Ra1+ 28. Kf2 Rd1 29. Rhd3 Rxd3 30. cxd3 b4 31. Rc5 Ra7 32. Kf3 Ke7 33. h4 fxe5
34. fxe5 Ra1 35. Rc7 Rd1 36. Nc6+ Ke8 37. Nxb4 Rb1 38. Na6 Kd8 39. Rb7 Bc8 40.
Rb8 Re1 41. d4 Rf1+ 42. Kg3 Rd1 43. Nc5 Kc7 44. Rb4 Kc6 45. Ra4 Rxd4 46. Rxd4
Kxc5 47. Rg4 g6 48. b4+ 1-0

[Event "XXV Festival Conca della Presolana A"]
[Site "Bratto - Castione della Presolana ITA"]
[Date "2005.08.24"]
[Round "5"]
[White "Femiano, Andrea"]
[Black "Zanellato, Lorenzo"]
[Result "1-0"]
[WhiteElo "2177"]
[BlackElo "2087"]
[PlyCount "93"]
[EventDate "2005.08.20"]

1. e4 c6 2. d4 d5 3. Nc3 dxe4 4. Nxe4 Bf5 5. Ng3 Bg6 6. Nf3 Nd7 7. Bd3 Bxd3 8.
Qxd3 Ngf6 9. Bd2 e6 10. Qe2 Be7 11. O-O O-O 12. c4 Qc7 13. Rfe1 Rae8 14. b4 b6
15. Rad1 c5 16. dxc5 bxc5 17. b5 Rd8 18. a4 Rfe8 19. a5 Bd6 20. Bc3 Be7 21. a6
Bd6 22. Qb2 Be7 23. Ne5 Nxe5 24. Bxe5 Qb6 25. Qe2 Rxd1 26. Rxd1 Rd8 27. h3 Nd7
28. Bc3 Bf6 29. Bxf6 Nxf6 30. Rxd8+ Qxd8 31. Qf3 h6 32. Qb7 Qd1+ 33. Kh2 Qd6
34. Qxa7 h5 35. Qa8+ Kh7 36. Qc6 Qf4 37. Qf3 Qb8 38. Kg1 h4 39. Ne4 Qe5 40.
Nxf6+ gxf6 41. Qd3+ Kg7 42. Qd1 Qc7 43. Qg4+ Kf8 44. Qxh4 Ke7 45. Qe4 Qa5 46.
Qb7+ Kf8 47. Qc8+ 1-0

[Event "XXV Festival Conca della Presolana A"]
[Site "Bratto - Castione della Presolana ITA"]
[Date "2005.08.24"]
[Round "5"]
[White "Forato, Enrico"]
[Black "Brigati, Alessandro"]
[Result "1-0"]
[WhiteElo "1974"]
[BlackElo "2034"]
[PlyCount "27"]
[EventDate "2005.08.20"]

1. e4 d6 2. d4 Nf6 3. Nc3 g6 4. f3 c6 5. Be3 b5 6. Qd2 Nbd7 7. a4 Qa5 8. b4
Qxb4 9. axb5 Nb6 10. bxc6 Nc4 11. Bxc4 Qxc4 12. d5 Ba6 13. Nge2 Bb5 14. Nd4 1-0

[Event "XXV Festival Conca della Presolana A"]
[Site "Bratto - Castione della Presolana ITA"]
[Date "2005.08.24"]
[Round "5"]
[White "Gardi, Giuseppe"]
[Black "Salami, Marco"]
[Result "1/2-1/2"]
[WhiteElo "2099"]
[BlackElo "2221"]
[PlyCount "92"]
[EventDate "2005.08.20"]

1. d4 f5 2. Nf3 Nf6 3. Bf4 d6 4. h3 g6 5. e3 Bg7 6. Bd3 O-O 7. Nbd2 Nc6 8. c3
Kh8 9. Qc2 e6 10. g4 Qe8 11. gxf5 exf5 12. O-O-O Be6 13. Kb1 Bd5 14. Rh2 Be4
15. Rg1 Bxd3 16. Qxd3 Ne7 17. Bg5 Nh5 18. Rhg2 Ng8 19. Qc2 b5 20. Bh4 Rb8 21.
Ng5 Bf6 22. Ngf3 Qe7 23. Bxf6+ Qxf6 24. Ng5 Nh6 25. Qb3 Rfe8 26. Qd5 Rb6 27.
Qf3 c6 28. Nb3 Rc8 29. Qd1 Re8 30. Qd2 Nf7 31. Qc2 Nxg5 32. Rxg5 Qe6 33. Nc1
Qe4 34. Qxe4 Rxe4 35. Nd3 a5 36. Kc2 Rb8 37. Kd2 Rbe8 38. Rc1 f4 39. c4 fxe3+
40. fxe3 Rb8 41. cxb5 cxb5 42. Ra1 a4 43. Nf2 Re7 44. Kd3 Kg7 45. Rag1 Nf6 46.
h4 Kf7 1/2-1/2